| 000 | 00614 a2200145 4500 | ||
|---|---|---|---|
| 999 |
_c4091 _d4091 |
||
| 020 | _a9780981409931 | ||
| 050 | _a LB1727SAR 2008 | ||
| 245 |
_a Towards a common future : higher education in the SADC region :higher education in the SADC region : _bResearch findings from four SARUA studies / _cedited by Piyushi Kotecha; Southern African Regional Universities Association. |
||
| 264 |
_aJohannesburg : _bSARUA, _c2008 |
||
| 300 | _a394p. : | ||
| 500 | _aincludes index | ||
| 650 | _a Education, Higher -- Africa, | ||
| 710 | _aSouthern African Regional Universities Association. | ||
| 942 |
_2lcc _cBK _h1727 _iSAR _kLB |
||